000 00521nam a2200181 i 4500
001 44395
003 ES-MaACL
005 20230906161024.0
007 t|
008 030321s1981 sp ||||1| spa d
100 1 _aCillero Ulecia, Antonio,
_d1917-2007
_938827
245 1 0 _aVida y desventura de Tiago Hernèz /
_cAntonio Cillero Ulecia.
260 _a[Logroño :
_bOchoa,
_c1981]
300 _a175 p. ;
_c21 cm.
852 _aES-MaACL
_jL-974
_bR.101857
852 _aES-MaACL
_jL-801
999 _c44395
_d44395